000
00289nam a22001337a 4500
008
180921b xxu||||| |||| 00| 0 eng d
020
_a
0893520096
041
_a
eng
080
_a
618
100
_a
10
101
_a
GJI
245
_a
Operative Obstetrics
_c
Douglas.R.G
942
_2
udc
_c
BK
999
_c
48160
_d
48160